000 01462naa a22003017a 4500
001 BR9600376
003 BR-BrBNA
005 20240918181810.0
007 ta
008 230509b bl.||||| |||| 00| 0 por d
040 _aBR-BrBNA
_bpor
_cBiblioteca Nacional de Agricultura
041 _a(Pt)
072 _aF70; K10
090 _aF70 BR9600376
100 1 _aPoggiani, F.
100 1 _aSimoes, J.W.
111 1 _a1. Congresso Florestal Panamericano7. Congresso Florestal Brasileiro
_cCuritiba, PR (Brazil)
_d19-24 Sep 1993
245 1 _aInfluencia das especies usadas no reflorestamento e da proximidade de um fragmento florestal na regeneracao do sub-bosque em areas degradadas pela mineracao
260 3 _aCuritiba, PR (Brasil):
_c1993.
500 _aAnais. 1. Congresso Florestal Panamericano. 7. Congresso Florestal Brasileiro. Floresta para o desenvolvimento: politica, ambiente, tecnologia e mercado. Trabalhos voluntarios e posters. v. 1. Curitiba, PR (Brasil): 1993. p. 50-54 (BR9600376-AM)F70
650 _aEssencia Florestal
650 _aTaxonomia Vegetal
650 _aReflorestamento
650 _aParana
773 0 _tAnais. 1. Congresso Florestal Panamericano. 7. Congresso Florestal Brasileiro. Floresta para o desenvolvimento: politica, ambiente, tecnologia e mercado. Trabalhos voluntarios e posters. v. 1.
_wF70 BR9600376
_gCuritiba, PR (Brasil), 1993. p. 50-54
909 _a202404
_bLucia
_c55
_dLucia Elande
942 _cAM
_2AGRIS
999 _c326887
_d326887